LEADER 00993naa a2200193 u 4500 001 000000095312 003 CaOOAMICUS 005 20070226130142.0 008 040624s1978 it u000 u ita u 035 $a11001932 040 $aIAR$bita 100 1 $aRighetti Tosti-Croce, Marina.$0(OLS)http://pul/name/61130 245 11$a"Hic liber est de monasterio sancte Marie de Morimundo" :$bNote su una bibbia padana e alcuni codiciącistercensi italiani /$cMarina Righetti Tosti-Croce. 260 $aRoma :$bMultigrafica,$c1978. 300 $aS. 111-124, :$bill., ;$c28 cm 773 0 $aI Cistercensi e il Lazio. 773 0 $tI Cistercensi e il Lazio : atti delle giornate di studio dell'Istituto di Storia dell'Arte dell'Universitą di Roma, 17-21 maggio, 1977$w()5020 996 $6245$a"Hic liber est de monasterio sancte Marie de Morimundo" :$bNote su una bibbia padana e alcuni codiciącistercensi italiani$9(OLS)http://pul/title/122185 996 $6260$aRoma :$bMultigrafica$9(OLS)http://pul/publisher/49684 LEADER 01520nam a2200361 a 4500 001 000000170886 003 CaOOAMICUS 005 20181203095814.0 008 181203s1977 xxu 000 u eng r 020 $a0-672-60256-3* 032 $aLibriCat 040 $aPUL$bita 082 14$a171.3 100 0 $aAristoteles,$d384-322 a.C.$0(OLS)http://pul/name/792 245 10$aNicomachean ethics /$cAristotle ; translated, with introduction and notes by Martin Ostwald . 250 $aSixteenth Printing. 260 $aIndianapolis :$bBobbs Merrill Company,$c©1977. 300 $axxvii, 316 p. ; $c21 cm. 490 1 $aThe library of liberal arts. Philosophy 504 $aContiene riferimenti bibliografici. 600 04$aAristoteles,$d384-322 a.C.$xEtica.$0(OLS)http://pul/subject/24144 700 1 $aOstwald, Martin.$0(OLS)http://pul/name/109897 830 4$aThe Library of liberal arts.$pPhilosophy.$0(OLS)http://pul/title/211729 850 $aPUL 852 $aPUL$W1$xDP2 Filosofia 3$y112$m171. 3 OSTMA 1$j194169$qDDC 21$B199405$CPULBib$Z2$F199405 $H131825 $81 900 $aAristotle,$d 384-322 a.C.$9792 900 $aAristotele,$d384-322 a.C.$9792 941 1 $a9 996 $6020$a0-672-60256-3*$9(OLS)http://pul/number/165452 996 $6082$a171.3$9(OLS)http://pul/classification/2106 996 $6245$aNicomachean ethics$9(OLS)http://pul/title/118206 996 $6260$aIndianapolis :$bBobbs Merrill Company$9(OLS)http://pul/publisher/69655